LIBRARY & INFORMATION CENTRE, KCAET, TAVANUR

ONLINE PUBLIC ACCESS CATALOGUE (OPAC)

Normal view MARC view
  • Sabeena Shahul

Entry Personal Name

Number of records used in: 2

001 - CONTROL NUMBER

  • control field: 3467

003 - CONTROL NUMBER IDENTIFIER

  • control field: OSt

005 - DATE AND TIME OF LATEST TRANSACTION

  • control field: 20180929133743.0

008 - FIXED-LENGTH DATA ELEMENTS

  • fixed length control field: 180929|| aca||aabn | a|a d

040 ## - CATALOGING SOURCE

  • Original cataloging agency: OSt
  • Transcribing agency: OSt

100 ## - HEADING--PERSONAL NAME

  • Personal name: Sabeena Shahul

670 ## - SOURCE DATA FOUND

  • Source citation: Work cat.: (OSt)15164: MEGHA P 3466, Estimation of crop water requirement and irrigation scheduling of KCEAT instructional farm using cropwat model
free website counter